The whiskey rebels : a novel /

A gripping novel of a conspiracy that threatens to topple the fledgling banking system of the post-Revolutionary War United States, featuring the unforgettable characters of Ethan Saunders and Joan Maycott, with Thomas Jefferson and Alexander Hamilton in secondary roles.

Bibliographic Details
Main Author: Liss, David, 1966-
Corporate Author: Brilliance Audio (Firm)
Other Authors: Lane, Christopher
Format: CD Audio Book
Language:English
Published: Grand Haven, Mich. : Brilliance Audio, [2008]
Series:Brilliance Audio on compact disc.
Subjects:

MARC

Tag First Indicator Second Indicator Subfields
LEADER 00000cim a2200000Ia 4500
001 in00002425339
005 20151109135351.0
007 sd fungnnmmneu
008 080805s2008 miunnnn f n eng d
020 |a 9781423326946 
020 |a 1423326946 
024 3 |a 9781423326946  |d 53895 
035 |a (OCoLC)ocn238767667 
035 |a (OCoLC)238767667 
037 |b Midwest Tape  |n http://www.midwesttapes.com 
040 |a TEFMT  |c TEFMT  |d BIB  |d TEF  |d UtOrBLW 
043 |a n-us-pa 
049 |a TXAM 
050 1 4 |a PS3562.I7814  |b W48 2008ab 
082 0 4 |a 813/.54  |2 22 
090 |a PS3562.I7814  |b W48 2008b 
100 1 |a Liss, David,  |d 1966- 
245 1 4 |a The whiskey rebels :  |b a novel /  |c David Liss. 
264 1 |a Grand Haven, Mich. :  |b Brilliance Audio,  |c [2008] 
264 4 |c ℗2008 
300 |a 16 sound discs (approximately 19 hr.) :  |b digital ;  |c 4 3/4 in. 
336 |a spoken word  |b spw  |2 rdacontent 
337 |a audio  |b s  |2 rdamedia 
338 |a audio disc  |b sd  |2 rdacarrier 
490 1 |a Brilliance Audio on compact disc 
511 0 |a Read by Christopher Lane. 
500 |a Unabridged. 
500 |a Compact discs. 
520 |a A gripping novel of a conspiracy that threatens to topple the fledgling banking system of the post-Revolutionary War United States, featuring the unforgettable characters of Ethan Saunders and Joan Maycott, with Thomas Jefferson and Alexander Hamilton in secondary roles. 
500 |a Sound recording. 
650 0 |a Veterans  |v Fiction. 
650 0 |a Married people  |v Fiction. 
650 0 |a Whiskey Rebellion, Pa., 1794  |v Fiction. 
651 0 |a Pennsylvania  |v Fiction. 
655 7 |a Historical fiction.  |2 gsafd 
655 7 |a Audiobooks.  |2 lcgft 
700 1 |a Lane, Christopher. 
710 2 |a Brilliance Audio (Firm) 
830 0 |a Brilliance Audio on compact disc. 
948 |a cataloged  |b h  |c 2008/10/20  |d c  |e ceaton  |f 3:41:46 pm 
994 |a C0  |b TXA 
999 |a MARS 
999 f f |s 10f7e7d6-1365-3d55-8953-7d2f84a8decb  |i 622bdcda-16b9-37bd-9a82-fb455acdad73  |t 0 
952 f f |p ric  |a Texas A&M University  |b Rellis Campus  |c Joint Library Facility  |d Remote Storage  |t 0  |e PS3562.I7814 W48 2008b  |h Library of Congress classification  |i audio -- audio disc  |m A14837365878 
998 f f |a PS3562.I7814 W48 2008b  |t 0  |l Remote Storage